000 00672nam a22001817a 4500
003 UA-OsUOA
001 14523
007 ta
008 20031007b un ||||| |||| 00| 0 ukr d
100 _aЦимбалюк С.
942 _cSA
040 _aUA-OsUOA
_cUA-OsUOA
_dUA-OsUOA
245 _aОсоння та затінок млинівської обителі: [Про подвір'я (філію) Городоцького Свято-Миколаївського монастиря в Млинові]
300 _aС.6
955 _a0
773 0 _w0
_tВільне слово
_dРівне
_d2003
_g№73/17 верес./
650 7 _aКраєзнавча робота
_2UDC
999 _c300684
_d300684